Árufuvarozási és szállítmányozási feladatok elemzése Alba Fix Kft és Alba Zöchling vállalkozásán keresztül

Bibliographic Details
Main Author: Szegfű Szabolcs
Other Authors: Bartha Dr. Andrea
Format: Thesis
Kulcsszavak:Nemzetközi árufuvarozás
Közúti szállítmányozás
Online Access:http://dolgozattar.uni-bge.hu/8577

MARC

LEADER 00000nta a2200000 i 4500
001 dolg8577
005 20180830103811.0
008 161212suuuu hu om 000 hun d
040 |a BGE Dolgozattár Repozitórium  |b hun 
041 |a hu 
100 1 |a Szegfű Szabolcs 
245 1 0 |a Árufuvarozási és szállítmányozási feladatok elemzése Alba Fix Kft és Alba Zöchling vállalkozásán keresztül  |c Szegfű Szabolcs  |h [elektronikus dokumentum] 
695 |a Nemzetközi árufuvarozás  
695 |a Közúti szállítmányozás 
700 1 |a Bartha Dr. Andrea  |e ths 
856 4 0 |u http://dolgozattar.uni-bge.hu/8577/2/SZAKDOLGOZAT_upload.pdf  |z Dokumentum-elérés